000 00358pam a2200145a 44500
008 230405s xxu||||| |||| 00| 0 eng d
041 _aENG
100 _aKHAN IRFAN KHANUM A
245 _aESSENTIALS OF BIOINFORMATICS
250 _a1 2003
260 _aHYDERABAD
_bUKAAZ PUBLICATION HYDERABAD
_c
300 _a279
650 _aPHARMACEUTICS
906 _a1018
999 _c276289
_d276289